Sports Quiz

Random Sports or Baseball Quiz
Score 0/10 Timer 05:00
0 Plays Today
Primary Team(s) Player % Correct
YankeesLou Gehrig
95.8%
Cardinals/AngelsAlbert Pujols
95.1%
AstrosJeff Bagwell
92.3%
Athletics/Red SoxJimmie Foxx
78.3%
Rangers/OriolesRafael Palmeiro
77.3%
Indians/White SoxJim Thome
72.9%
Twins/AngelsRod Carew
64.8%
CubsCap Anson
50.7%
BisonsDan Brouthers
20.7%
GiantsRoger Connor
14.7%
Come Together.
Have Fun.
All Virtual.
We all need to come together. Play Sporcle's virtual live trivia to have fun, connect with people, and get your trivia on. Join a live hosted trivia game for your favorite pub trivia experience done virtually. If a virtual private party is more your thing, go here for details.

You're not logged in!

Compare scores with friends on all Sporcle quizzes.
OR
Log In

Sporcle TV

Today on Sporcle TV


Watch our educational content, quiz creation guides, and fun videos on Sporcle TV.

Show Comments

Extras

Top Quizzes Today


Score Distribution

Paid Content

Your Account Isn't Verified!

In order to create a playlist on Sporcle, you need to verify the email address you used during registration. Go to your Sporcle Settings to finish the process.

Report this User

Report this user for behavior that violates our Community Guidelines.

Details: